banner koha

Efeito da temperatura e da umidade relativa do ar de secagem sobre o trincamento e a suscetibilidade a quebra de sementes de milho, hibrido AG-303 (Registro n. 287386)

MARC details
000 -LÍDER
campo de controle de tamanho fixo 00996nac a22002897a 4500
001 - NÚMERO DE CONTROLE
campo de controle BR9603925
003 - IDENTIFICADOR DO NÚMERO DE CONTROLE
campo de controle BR-BrBNA
005 - DATA E HORÁRIO DA ÚLTIMA TRANSAÇÃO
campo de controle 20240105121757.0
008 - CAMPO DE DADOS FIXOS--INFORMAÇÃO GERAL
campo de controle de tamanho fixo 230509b bl.|||m| |||| 00| 0 por d
040 ## - FONTE DA CATALOGAÇÃO
Instituição da catalogação original BR-BrBNA
Idioma da catalogação por
Instituição que transcreveu o registro Biblioteca Nacional de Agricultura
072 ## - CÓDIGO DE CATEGORIA DE ASSUNTO
Código de Categoria de Assunto J11; Q02
090 ## - NÚMERO DE CHAMADA LOCAL
Número de chamada 0120 BR9603925
100 1# - ENTRADA PRINCIPAL--NOME PESSOAL
Nome pessoal Borem, F. de M.
100 1# - ENTRADA PRINCIPAL--NOME PESSOAL
Nome pessoal Hara, T.
100 1# - ENTRADA PRINCIPAL--NOME PESSOAL
Nome pessoal Silva, R.F. da
110 1# - ENTRADA PRINCIPAL--NOME CORPORATIVO
Nome corporativo ou nome da jurisdição Associacao dos Engenheiros Agricolas de Minas Gerais, Vicosa (Brasil)
9 (RLIN) 584
245 1# - TÍTULO
Título Efeito da temperatura e da umidade relativa do ar de secagem sobre o trincamento e a suscetibilidade a quebra de sementes de milho, hibrido AG-303
260 3# - PUBLICAÇÃO, DISTRIBUIÇÃO, ETC.
Local de publicação, distribuição, etc. Vicosa, MG (Brasil):
Data da publicação, distribuição, etc. 1992.
300 ## - DESCRIÇÃO FÍSICA
Extensão 11 p.
490 ## - TÍTULO DA SÉRIE
Título da série Engenharia na Agricultura. Serie Armazenamento (Brazil)
Número do volume ou designação sequencial da série v. 2(3)
ISSN - International Standard Serial Number
500 ## - NOTA GERAL
Nota geral Summaries (En, Pt); 16 ref.
650 ## - ASSUNTO--TERMO TÓPICO
Cabeçalho tópico ou nome geográfico Milho
650 ## - ASSUNTO--TERMO TÓPICO
Cabeçalho tópico ou nome geográfico Secagem
650 ## - ASSUNTO--TERMO TÓPICO
Cabeçalho tópico ou nome geográfico Armazenamento
909 ## -
-- 202312
-- Lúcia Elande
-- 55
-- Lúcia Elande
942 ## - ELEMENTOS DE ENTRADA ADICIONADOS (KOHA)
Fonte da classificação ou esquema de arquivamento na estante Classificação AGRIS
Ocultar no OPAC Não
Tipo de material Koha Monografia Seriada
Exemplares
Situação do descarte Fonte da classificação ou esquema de arquivamento na estante Situação física Não pode ser emprestado Coleção Biblioteca de origem Biblioteca atual Localização na estante Total de empréstimos Número de telefone completo Código de barras Data de último acesso Tipo de material Koha Fonte de aquisição
  Classificação AGRIS       Biblioteca Nacional de Agricultura - Binagri Biblioteca Nacional de Agricultura - Binagri Agrobase - Acervo Geral   0120 BR9603925 0120 BR9603925 18/12/2023 Monografia Seriada Portaria Interministerial nº 164/94

BINAGRI

Telefone: (61)3218-2567/2388/3357/2097 - binagri@agro.gov.br

Ministério da Agricultura e Pecuária , Esplanada dos Ministérios, Bloco D, Anexo B, Brasília/DF, CEP: 70.043-900